Flugziele vom Flughafen Dresden (DRS) - Statistiken

Allgemein
  • Dieses Quiz wurde 206 mal gespielt
  • Das Durchschnittsergebnis liegt bei 12 aus 20
Antwortstatistiken
Land Airlines Flugziel % Korrekt
Deutschland Lufthansa München / MUC
96%
Deutschland Air Dolomiti,Lufthansa Frankfurt / FRA
95%
Griechenland SundAir Rhodos / RHO
92%
Großbritannien Ryanair London Stansted / STN
91%
Niederlande KLM Amsterdam / AMS
89%
Schweiz Swiss Zürich / ZRH
87%
Spanien Eurowings,Ryanair, SundAir Palma de Mallorca / PMI
77%
Deutschland Eurowings Düsseldorf / DUS
76%
Griechenland SmartLynx,SundAir Heraklion / HER
69%
Türkei Corendon,SundAir, Tailwind Antalya / AYT
68%
Italien Smartwings Neapel / NAP
63%
Ägypten SundAir Hurghada / HRG
53%
Bulgarien SundAir Varna / VAR
47%
Griechenland SundAir Kos / KGS
42%
Italien Smartwings Palermo / PMO
42%
Griechenland SundAir Korfu / CFU
35%
Bulgarien European Air Charter Burgas / BOJ
34%
Ungarn SundAir Debrecen / DEB
22%
Italien Smartwings Olbia / OLB
8%
Ungarn SundAir Sarmellek / SOB
1%
Keine übereinstimmenden Quizze gefunden
Verteilung der Resultate
Anzahl Personen mit jedem Resultat
Perzentil nach korrekt beantworteten Fragen
Ihre Resultats-Entwicklung
Sie haben dieses Quiz noch nicht gespielt